Statistics for Polynesia Flag Quiz

Click here to take the quiz!

General Stats

  • This quiz has been taken 131 times
  • The average score is 6 of 10

Answer Stats

Answer% Correct
Tonga
100%
Samoa
89%
Tuvalu
77%
American Samoa
68%
Niue
67%
Cook Islands
60%
French Polynesia
45%
Tokelau
36%
Wallis and Futuna
31%
Pitcairn Islands
24%

Score Distribution

Percentile by Number Answered

Percent of People with Each Score

Your Score History

You have not taken this quiz